| 000 | 00895nam a22001937a 4500 | ||
|---|---|---|---|
| 003 | CEME | ||
| 005 | 20210628204114.0 | ||
| 008 | 210105b xxu||||| |||| 00| 0 eng d | ||
| 020 | _a9788120344709 | ||
| 040 | _cceme | ||
| 082 | _a621.042 KOT | ||
| 100 |
_aKothari, D.P, Singal, K.C, Ranjan, Rakesh _968772 |
||
| 245 | _aRenewable energy sources and emerging technologies | ||
| 250 | _a2ND | ||
| 260 |
_aINDIA _bPRENTICE HALL OF INDIA _c2011 |
||
| 300 | _aXXII, 434P | ||
| 650 |
_aRENEWABLE ENERGY SOURCES.EMERGING TECHNOLOGIES.ELECTRICAL ENERGY GENERATION.SOLAR RADIATION AND ITS MEASUREMENT.THERMAL ENERGY COLLECTION.SOLAR THERMAL ENERGY CONVERSION SYSTEMS.WIND ENERGY.SOLAR PHOTOVOLTAIC SYSTEM.SMALL HYDROPOWER.GEOTHERMAL ENERGY.OCEAN ENERGY.BIOMASS ENERGY.FUEL CELLS.HYDROGEN ENERGY SYSTEM.HYBRID ENERGY SYSTEMS.ENVIRONMENT, ENERGY AND GLOBAL CLIMATE CHANGE. _968773 |
||
| 942 |
_cBK _2ddc |
||
| 999 |
_c576241 _d576241 |
||